Statistics for Countries with the Most Olympics Medals in Athletics

Click here to take the quiz!

General Stats

  • This quiz has been taken 98 times
  • The average score is 20 of 26

Answer Stats

GSBTotalCountry% Correct
558070205Great Britain
99%
332259204795United States
98%
21202162Russia
96%
345663153Germany / West Germany
93%
871227China
92%
14262969France
92%
21262673Australia
89%
19152660Italy
85%
14153160Canada
85%
79925Japan
84%
22352077Jamaica
81%
19214181Sweden
79%
30372693Kenya
79%
716677114Soviet Union / Unified Team
76%
25181457Poland
75%
22102153Ethiopia
72%
10121840Hungary
71%
483630114Finland
68%
383635109East Germany
68%
814628South Africa
67%
75820Norway
66%
11141035Romania
64%
1031124New Zealand
60%
10141741Cuba
59%
7121130Greece
53%
118524Czechoslovakia
49%

Score Distribution

Percentile by Number Answered

Percent of People with Each Score

Your Score History

You have not taken this quiz